ADMINISTRACIÓN Y DIRECCIÓN (Registro nro. 28308)
[ vista simple ]
| 000 -LEADER | |
|---|---|
| fixed length control field | 00719nam a2200193 a 4500 |
| 001 - CONTROL NUMBER | |
| control field | 28308 |
| 005 - DATE AND TIME OF LATEST TRANSACTION | |
| control field | 20180713231151.0 |
| 008 - FIXED-LENGTH DATA ELEMENTS--GENERAL INFORMATION | |
| fixed length control field | 140415s2001 mx 000 0 spa d |
| 020 ## - INTERNATIONAL STANDARD BOOK NUMBER | |
| International Standard Book Number | 8448128184 |
| 041 ## - LANGUAGE CODE | |
| Language code of text/sound track or separate title | spa |
| 082 ## - DEWEY DECIMAL CLASSIFICATION NUMBER | |
| Classification number | 658.001 |
| Item number | DIE |
| 100 1# - MAIN ENTRY--PERSONAL NAME | |
| Personal name | DIEZ DE CASTRO, EMILIO PABLO |
| 245 10 - TITLE STATEMENT | |
| Title | ADMINISTRACIÓN Y DIRECCIÓN |
| 250 ## - EDITION STATEMENT | |
| Edition statement | 1a ed. |
| 260 ## - PUBLICATION, DISTRIBUTION, ETC. | |
| Place of publication, distribution, etc. | MEXICO : |
| Name of publisher, distributor, etc. | MC GRAW HILL, |
| Date of publication, distribution, etc. | 2001 |
| 300 ## - PHYSICAL DESCRIPTION | |
| Extent | 525 |
| Dimensions | 12 x 3 x 18 |
| 520 ## - SUMMARY, ETC. | |
| Summary, etc. | EL LIBRO INCLUYE ACERCA DE UN CENTENAR DE CASOS REALES DE ORGANIZACIONES ENFRENTANDOSE A LOS TOPICOS DE SIEMPRE. EN SU APLICACION PRACTICA, TANTO EL METODO DEL CASO, COMO EL INCIDENTE CRITICO Y LA TECNICA DE CITUACIONES. |
| 650 14 - SUBJECT ADDED ENTRY--TOPICAL TERM | |
| Topical term or geographic name entry element | DIRECCION DE EMPRESAS |
| Withdrawn status | Lost status | Source of classification or shelving scheme | Damaged status | Not for loan | Collection code | Home library | Current library | Shelving location | Date acquired | Source of acquisition | Total Checkouts | Full call number | Barcode | Date last seen | Date last checked out | Price effective from | Koha item type |
|---|---|---|---|---|---|---|---|---|---|---|---|---|---|---|---|---|---|
| Dewey Decimal Classification | General | Tehuacán | Tehuacán | Sala general | 03/12/2013 | Compra | 1 | 658.001 DIE | 501856 | 08/01/2025 | 10/09/2014 | 03/12/2013 | Libro |